[Event "AUTO-MASTER-2850"]
[Site "http://www.queenalice.com/game.php?id=1572507"]
[Date "2019.5.27"]
[Round "1"]
[White "Aguinaldo"]
[Black "Astralis"]
[Result "1-0"]
[WhiteElo "1968"]
[BlackElo "2133"]

1. e4 c5 2. Nf3 Nc6 3. c3 e6 4. Be2 d5 5. e5 d4 6. cxd4 cxd4 7. d3 Qc7 8. Bf4
Nge7 9. Qc1 Ng6 10. Nxd4 Qa5+ 11. Bd2 Bb4 12. Nxc6 Bxd2+ 13. Qxd2 Qxd2+ 14. Kxd2
bxc6 15. d4 Nf4 16. g3 Nd5 17. Nc3 Rb8 18. b3 Bb7 19. Nxd5 cxd5 20. Rhc1 Rc8 21.
Rxc8+ Bxc8 22. Bb5+ Bd7 23. Bxd7+ Kxd7 24. Rc1 Rc8 25. Rxc8 Kxc8 26. Kc3 Kc7 27.
Kb4 Kb6 28. a4 g5 29. a5+ Kc6 30. h3 h5 31. Ka4 f5 32. exf6 1-0

[Event "AUTO-MASTER-2850"]
[Site "http://www.queenalice.com/game.php?id=1572508"]
[Date "2019.5.27"]
[Round "1"]
[White "Astralis"]
[Black "Bernhardur"]
[Result "1-0"]
[WhiteElo "2152"]
[BlackElo "1893"]

1. d4 b5 2. e4 e6 3. Bxb5 c6 4. Ba4 Ba6 5. Nc3 Be7 6. e5 Nh6 7. Bxh6 gxh6 8. Qh5
d5 9. exd6 Qxd6 10. Nf3 Nd7 11. Qxh6 O-O-O 12. O-O-O Kc7 13. Qh5 Bb7 14. Qxf7
Rdf8 15. Qh5 Rf5 16. Qg4 Nb6 17. Bb3 h5 18. Qg6 a5 19. Qxe6 Qxe6 20. Bxe6 Rhf8
21. Bxf5 Rxf5 22. Rhe1 Kd6 23. Ne4+ Kc7 24. Ng3 Rf7 25. Nxh5 Nd5 26. Ng3 Bc8 27.
h3 1-0

[Event "AUTO-MASTER-2850"]
[Site "http://www.queenalice.com/game.php?id=1572509"]
[Date "2019.5.27"]
[Round "1"]
[White "Bernhardur"]
[Black "Astralis"]
[Result "0-1"]
[WhiteElo "1669"]
[BlackElo "2156"]

1. e4 c5 2. d3 Nc6 3. f4 g6 4. Nf3 Bg7 5. Be3 b6 6. a4 Bb7 7. g4 e6 8. h4 d5 9.
exd5 Qxd5 10. Nc3 Qd7 11. g5 Nge7 12. h5 O-O-O 13. h6 Bf8 14. Qe2 Nf5 15. O-O-O
Ng3 16. Qh2 Nxh1 17. Bg2 Ne7 18. Ne5 Qe8 19. Bxb7+ Kxb7 20. Qxh1+ Kb8 21. Nb5
Nd5 22. Qf3 Bd6 23. Nxd6 Rxd6 24. b3 Rf8 25. d4 Nxe3 0-1

[Event "AUTO-MASTER-2853"]
[Site "http://www.queenalice.com/game.php?id=1573578"]
[Date "2019.6.7"]
[Round "1"]
[White "Astralis"]
[Black "Anusha"]
[Result "0-1"]
[WhiteElo "2124"]
[BlackElo "2203"]

1. d4 d5 2. c4 c6 3. Nf3 Nf6 4. Nc3 e6 5. e3 Nbd7 6. Bd3 Bd6 7. Qc2 O-O 8. g4
dxc4 9. Bxc4 b5 10. Bb3 Nxg4 11. Rg1 Ngf6 12. e4 Bb4 13. e5 Ne8 14. Qd3 Nc5 15.
Qe3 Nxb3 16. axb3 Bb7 17. Bd2 Kh8 18. Ke2 Qe7 19. Rg2 c5 20. dxc5 Bxc5 21. Qd3
Nc7 22. Rxg7 Kxg7 23. Rg1+ Kh8 24. Ng5 f5 25. h4 b4 26. Nd1 Ba6 0-1

[Event "AUTO-MASTER-2853"]
[Site "http://www.queenalice.com/game.php?id=1573579"]
[Date "2019.6.7"]
[Round "1"]
[White "Anusha"]
[Black "Astralis"]
[Result "1-0"]
[WhiteElo "2222"]
[BlackElo "2047"]

1. d4 Nf6 2. Nf3 g6 3. Bg5 Bg7 4. e3 O-O 5. c3 d5 6. Bd3 Nbd7 7. O-O Re8 8. Nbd2
c5 9. Re1 Qa5 10. Bh4 b5 11. e4 dxe4 12. Nxe4 Nd5 13. Nd6 Rf8 14. Nxc8 Raxc8 15.
Bxe7 Nxe7 16. Rxe7 Qd8 17. Re4 c4 18. Bf1 Nf6 19. Re5 Nd5 20. Re1 Qd6 21. g3 f5
22. a3 f4 23. Bg2 1-0

[Event "AUTO-MASTER-2853"]
[Site "http://www.queenalice.com/game.php?id=1573580"]
[Date "2019.6.7"]
[Round "1"]
[White "Astralis"]
[Black "pomar"]
[Result "0-1"]
[WhiteElo "2157"]
[BlackElo "2068"]

1. d4 e6 2. c4 d5 3. Nf3 a6 4. Bf4 Bb4+ 5. Nc3 dxc4 6. e3 b5 7. g4 Bb7 8. Bg2
Nf6 9. g5 Ne4 10. Qc2 Nxc3 11. bxc3 Ba5 12. Ke2 Nc6 13. Rag1 Ne7 14. Nd2 Bxg2
15. Rxg2 Nd5 16. Nb1 Nxf4+ 17. exf4 Qd5 18. Rhg1 c5 19. g6 hxg6 20. f3 Rh3 21.
Nd2 cxd4 0-1

[Event "AUTO-MASTER-2853"]
[Site "http://www.queenalice.com/game.php?id=1573581"]
[Date "2019.6.7"]
[Round "1"]
[White "pomar"]
[Black "Astralis"]
[Result "0-1"]
[WhiteElo "2005"]
[BlackElo "2116"]

1. f3 e5 2. Kf2 f5 3. e3 b6 4. c4 Bb7 5. d4 exd4 6. exd4 d6 7. Nc3 g6 8. Nh3 Bg7
9. Be3 Nh6 10. Qd2 Nf7 11. Bd3 Qh4+ 12. Ke2 Nd7 13. d5 Qe7 14. Rhe1 O-O-O 15.
Kf1 Qf6 16. Ng5 Nc5 17. Bc2 Ne5 18. b3 h6 19. Bxc5 hxg5 20. Be3 Nxc4 21. bxc4
Qxc3 22. Rad1 Qxc4+ 23. Qd3 Bxd5 24. Bxg5 Rde8 25. Bb3 Qxd3+ 26. Rxd3 Rxe1+ 27.
Kxe1 Bxb3 28. axb3 Rxh2 29. Kf2 Kd7 30. Kg3 Rh8 31. Re3 Re8 0-1

[Event "AUTO-MASTER-2853"]
[Site "http://www.queenalice.com/game.php?id=1573582"]
[Date "2019.6.7"]
[Round "1"]
[White "Astralis"]
[Black "pestiferous"]
[Result "0-1"]
[WhiteElo "2028"]
[BlackElo "2182"]

1. d4 e6 2. c4 f5 3. Nc3 Nf6 4. Nf3 d5 5. Bf4 c6 6. e3 Bd6 7. Bxd6 Qxd6 8. Qc2
O-O 9. Bd3 Nbd7 10. Ne2 Ne4 11. Nc1 Kh8 12. Be2 Qe7 13. Nd3 b6 14. Nfe5 Bb7 15.
f3 Nd6 16. cxd5 cxd5 17. g4 Rfc8 18. Qd2 Nxe5 19. Nxe5 fxg4 20. Nxg4 Nc4 21.
Bxc4 dxc4 22. Kf2 Rf8 23. Ne5 Qh4+ 24. Ke2 Qh5 25. Raf1 Ba6 26. Qc3 Rac8 27.
Rfg1 Bb7 28. e4 Bxe4 29. Rg3 Bd5 30. Rhg1 g6 0-1

[Event "AUTO-MASTER-2853"]
[Site "http://www.queenalice.com/game.php?id=1573583"]
[Date "2019.6.7"]
[Round "1"]
[White "pestiferous"]
[Black "Astralis"]
[Result "0-1"]
[WhiteElo "2161"]
[BlackElo "2113"]

1. c4 e5 2. g3 Nf6 3. Bg2 d5 4. cxd5 Nxd5 5. Nc3 Nb6 6. Nf3 Nc6 7. O-O Be7 8. d3
Be6 9. a3 Qd7 10. Re1 O-O-O 11. b4 Nd4 12. Nxe5 Qe8 13. Rb1 Bf6 14. Nc4 Nxc4 15.
Ne4 Nb6 16. Bf4 Bd5 17. Qc1 Ne6 18. Nc5 Nxf4 19. Qxf4 Bxg2 20. Kxg2 Nd5 21. Qc1
Bc3 0-1

[Event "AUTO-MASTER-2861"]
[Site "http://www.queenalice.com/game.php?id=1577013"]
[Date "2019.7.11"]
[Round "1"]
[White "Astralis"]
[Black "Clauceri"]
[Result "0-1"]
[WhiteElo "1962"]
[BlackElo "1908"]

1. d4 d5 2. c4 e6 3. Nf3 c5 4. cxd5 exd5 5. g3 Nc6 6. Bg2 Nf6 7. Nc3 Be7 8. O-O
O-O 9. dxc5 Bxc5 10. Na4 Bd6 0-1

[Event "AUTO-MASTER-2861"]
[Site "http://www.queenalice.com/game.php?id=1577028"]
[Date "2019.7.11"]
[Round "1"]
[White "Astralis"]
[Black "pizzaiolo72"]
[Result "0-1"]
[WhiteElo "2112"]
[BlackElo "2146"]

1. d4 d5 2. c4 e5 3. dxe5 d4 4. Nf3 c5 5. g3 Nc6 6. Bg2 Nge7 7. e3 Qc7 8. O-O
Ng6 9. exd4 Nxd4 10. Nxd4 cxd4 11. Re1 Bc5 12. Bf4 Nxf4 13. gxf4 O-O 14. Qd3 Be6
15. Nd2 Bb4 16. b3 Rad8 17. Red1 Bc3 18. Be4 f5 19. exf6 Rxf6 20. Bxh7+ Kh8 21.
f5 Bxa1 22. fxe6 Rh6 23. Bf5 Qxh2+ 24. Kf1 Bc3 25. Nf3 Qf4 26. Qe4 Qxe4 27. Bxe4
Rxe6 28. Bxb7 Rb6 29. Bd5 Rxd5 30. cxd5 Rd6 31. Ke2 Rxd5 32. Kd3 g6 33. Ke4 Rf5
0-1

[Event "AUTO-MASTER-2861"]
[Site "http://www.queenalice.com/game.php?id=1577029"]
[Date "2019.7.11"]
[Round "1"]
[White "pizzaiolo72"]
[Black "Astralis"]
[Result "1-0"]
[WhiteElo "2131"]
[BlackElo "2125"]

1. e4 c5 2. Nf3 Nc6 3. Bb5 Nf6 4. Nc3 Qc7 5. O-O d6 6. d4 a6 7. Bxc6+ Qxc6 8. d5
Qc7 9. Bf4 g6 10. Qd2 b5 11. a3 b4 12. axb4 cxb4 13. Nb5 Qb7 14. Nbd4 Nxe4 15.
Qe3 Qxd5 16. Rfe1 Bb7 17. Qb3 Qc5 18. Be3 a5 19. Ne6 Qc6 20. Nfd4 Qc8 21. Qa4+
Qd7 22. Nc7+ Kd8 23. Qxd7+ Kxd7 24. Nxa8 Bxa8 25. Rxa5 Bg7 26. Ra7+ 1-0

[Event "AUTO-MASTER-2861"]
[Site "http://www.queenalice.com/game.php?id=1577030"]
[Date "2019.7.11"]
[Round "1"]
[White "Astralis"]
[Black "stoyan1"]
[Result "0-1"]
[WhiteElo "2101"]
[BlackElo "1866"]

1. d4 Nf6 2. c4 c5 3. e3 cxd4 4. exd4 Nc6 5. Nf3 d5 6. c5 h6 7. h3 b6 8. b4 a6
9. a3 e6 10. Nc3 bxc5 11. bxc5 Qc7 12. Bd3 Nd7 13. O-O Be7 14. Qc2 Bf6 15. Ne2
e5 16. Bb2 e4 17. Bxe4 dxe4 18. Qxe4+ Kf8 19. Rfe1 Bb7 0-1

[Event "AUTO-MASTER-2861"]
[Site "http://www.queenalice.com/game.php?id=1577031"]
[Date "2019.7.11"]
[Round "1"]
[White "stoyan1"]
[Black "Astralis"]
[Result "1-0"]
[WhiteElo "1891"]
[BlackElo "2018"]

1. e4 c5 2. Nf3 e6 3. e5 d5 4. c3 d4 5. cxd4 cxd4 6. Bb5+ Nc6 7. Qa4 Bd7 8. O-O
a6 9. Bxc6 Bxc6 10. Qxd4 Bxf3 11. Qxd8+ Rxd8 12. gxf3 Rd3 13. Kg2 Nh6 14. Re1
Bc5 15. Nc3 Nf5 16. Re4 g5 17. b4 Bd4 18. Rb1 Nh4+ 19. Rxh4 gxh4 20. Ne2 Rg8+
21. Ng3 Bxe5 22. Bb2 1-0

[Event "AUTO-MASTER-2837"]
[Site "http://www.queenalice.com/game.php?id=1577262"]
[Date "2019.7.14"]
[Round "2"]
[White "Astralis"]
[Black "Scharlatan"]
[Result "0-1"]
[WhiteElo "1989"]
[BlackElo "2203"]

1. d4 Nf6 2. c4 g6 3. Nc3 Bg7 4. e4 d6 5. f3 O-O 6. Be2 c5 7. dxc5 dxc5 8. Nh3
Bxh3 9. gxh3 Qc8 10. Qb3 Nc6 11. Be3 Nd4 12. Bxd4 cxd4 13. Nd5 Qd7 0-1

[Event "AUTO-MASTER-2837"]
[Site "http://www.queenalice.com/game.php?id=1577263"]
[Date "2019.7.14"]
[Round "2"]
[White "Scharlatan"]
[Black "Astralis"]
[Result "1-0"]
[WhiteElo "2197"]
[BlackElo "1997"]

1. e4 c5 2. Nf3 Nc6 3. d4 cxd4 4. Nxd4 g6 5. c4 Bg7 6. Be3 Nf6 7. Nc3 d6 8. Nc2
O-O 9. f3 Be6 10. b3 Rc8 11. Be2 a6 12. O-O b5 13. Nd5 1-0

[Event "AUTO-MASTER-2837"]
[Site "http://www.queenalice.com/game.php?id=1577264"]
[Date "2019.7.14"]
[Round "2"]
[White "Astralis"]
[Black "RaulSoft"]
[Result "0-1"]
[WhiteElo "2114"]
[BlackElo "2432"]

1. d4 d5 2. c4 e6 3. Nc3 c5 4. cxd5 exd5 5. Nf3 Be6 6. dxc5 Bxc5 7. e3 Nf6 8.
Nd4 Qe7 9. Bb5+ Nbd7 10. a3 O-O 11. b4 Bd6 12. Bb2 Nb6 13. Qe2 a6 14. Bd3 Rfe8
15. Bc2 Nc4 16. Bb3 Bg4 17. Qc2 Nxe3 18. fxe3 Qxe3+ 19. Nde2 d4 20. Nd1 Bg3+ 21.
hxg3 Qxg3+ 22. Nf2 Bxe2 23. Qxe2 Qxb3 0-1

[Event "AUTO-MASTER-2837"]
[Site "http://www.queenalice.com/game.php?id=1577265"]
[Date "2019.7.14"]
[Round "2"]
[White "RaulSoft"]
[Black "Astralis"]
[Result "1-0"]
[WhiteElo "2445"]
[BlackElo "1944"]

1. d4 Nf6 2. c4 g6 3. Nc3 d5 4. cxd5 Nxd5 5. e4 Nxc3 6. bxc3 Bg7 7. Bc4 O-O 8.
Ne2 c5 9. O-O Nc6 10. Be3 Qc7 11. Rc1 Rd8 12. Bf4 Qd7 13. dxc5 Qe8 14. Qc2 Ne5
15. Bxe5 Bxe5 16. f4 Bg7 17. Nd4 Rxd4 18. cxd4 Bxd4+ 19. Kh1 e5 20. f5 Bd7 21.
fxg6 hxg6 22. Bxf7+ Qxf7 23. Rxf7 1-0